| 000 | 00794nam a22002297a 4500 | ||
|---|---|---|---|
| 999 |
_c7794 _d7794 |
||
| 003 | AR-CdUCM | ||
| 008 | 190321b ||||| |||| 00| 0 spa d | ||
| 040 |
_aMUNICIPALIDAD PROVINCIAL DEL CUSCO _cBIBLIOTECA MUNICIPAL DEL CUSCO |
||
| 082 |
_a573.6 / _bM86 |
||
| 100 |
_aMorel, Pierre _922027 |
||
| 245 | _aLa Antropologia Fisica / | ||
| 260 |
_aBuenos Aires : _bEUDEBA, _c1964. |
||
| 300 |
_a114 paginas ; _bgraficos, _c18 cm. |
||
| 440 |
_aCuadernos de Eudeba _n124 _922028 |
||
| 505 | _aContenido: historia y evolución -- el craneo y la cabeza -- esqueleto poscraneo -- estatura -- caracteres serologicos.... | ||
| 650 |
_aAntropologia _9878 |
||
| 650 |
_aFisica _92382 |
||
| 650 |
_aEl craneo y la cabeza _922029 |
||
| 700 |
_aBillino, Sara _922030 |
||
| 942 |
_2ddc _cLIBROS |
||
| 945 | _apjha | ||